LEADER 01557nam0 22003373i 450 001 VAN0238587 005 20231212033521.29 017 70$2N$a9783030334796 100 $a20220128d2020 |0itac50 ba 101 $aeng 102 $aCH 105 $a|||| ||||| 200 1 $aBia?owie?a Primeval Forest: Nature and Culture in the Nineteenth Century$fTomasz Samojlik ... [et al.] 210 $aCham$cSpringer$d2020 215 $aXV, 223 p.$cill.$d24 cm 410 1$1001VAN0238499$12001 $aEnvironmental History$1210 $aCham$cSpringer$d2013- 620 $aCH$dCham$3VANL001889 676 $a577$cEcologia$v22 676 $a630$cAgricoltura e tecnologie connesse$v22 676 $a570$cBiologia - Scienze della vita$v22 702 1$aSamojlik$bTomasz$3VANV195602 712 $aSpringer $3VANV108073$4650 801 $aIT$bSOL$c20240614$gRICA 856 4 $u/sebina/repository/catalogazione/documenti/Indice 30.pdf$zIndice 30.pdf 856 4 $uhttps://rd.springer.com/book/10.1007/978-3-030-33479-6$zhttps://rd.springer.com/book/10.1007/978-3-030-33479-6 899 $aBIBLIOTECA DEL DIPARTIMENTO DI SCIENZE E TECNOLOGIE AMBIENTALI BIOLOGICHE E FARMACEUTICHE$1IT-CE0101$2VAN17 912 $fN 912 $aVAN0238587 950 $aBIBLIOTECA DEL DIPARTIMENTO DI SCIENZE E TECNOLOGIE AMBIENTALI BIOLOGICHE E FARMACEUTICHE$d17CONS e-book 2221 $e17BIB2221/427 427 20220128 996 $aBia?owie?a Primeval Forest: Nature and Culture in the Nineteenth Century$92573146 997 $aUNICAMPANIA